000 00334 a2200157 4500
001 193138
020 _a978-85-7488-715-9
040 _cMagnum
100 _aSousa, MaurĂ­cio de
240 1 0 _aA pequena sereia
_lpor
245 1 0 _aA pequena sereia
300 _a16
362 0 _a2008
697 _aLITERATURA INFANTO
942 _cBK
999 _c193138
_d193138